Statistics for Квиз о старом Риму #1

Click here to take the quiz!

General Stats

  • This quiz has been taken 75 times
  • The average score is 14 of 22

Answer Stats

ТрагОдговор% Correct
Близанци који су основали Рим (према легенди)Рем
98%
Близанци који су основали Рим (према легенди)Ромул
98%
Генерал који је освојио Галију и постао диктаторЈулије Цезар
96%
Језик старих РимљанаЛатински
93%
Назив Источног римског царстваВизантија
86%
Огромна римска арена позната и као Флавијев амфитеатарКолосеум
81%
Први римски царАвгуст
79%
Најпознатија црква у КонстантинопољуАја Софија
79%
Господар римских боговаЈупитер
79%
Цар који је преместио престоницу и који се преобратио у хришћанствоКонстантин
77%
Град-држава против којег је Рим водио три рата од 264–146. п.н.еКартагина
74%
Назив тих ратоваПунски ратови
70%
Саветодавно веће од 300–500 имућних римских грађанаСенат
65%
Цар који је наводно „свирао лиру док је Рим горео”Нерон
65%
Гладијатор који је покренуо огромну побуну робова од 73–71. п.н.еСпартак
60%
Цар који је подигао зид у северној ЕнглескојХадријан
49%
Израз за мост конструисан за транспорт воде до градоваАкведукт
46%
Храм „свих богова” са бетонском куполомПантеон
37%
Цар под којим је Рим достигао свој територијални врхунацТрајан
30%
Дан у години у којој је извршен атентат на њега15. март
21%
Чувени пут који повезује Рим са Бриндизијем{Апијев} пут
7%
Отровна супстанца која се понекад користила за заслађивање винаОлово
5%

Score Distribution

Percentile by Number Answered

Percent of People with Each Score

Your Score History

You have not taken this quiz